Dealing with people you cant stand : (Record no. 209369)
[ view plain ]
| 000 -LEADER | |
|---|---|
| fixed length control field | 00925nam a2200253Ia 4500 |
| 003 - CONTROL NUMBER IDENTIFIER | |
| control field | OSt |
| 005 - DATE AND TIME OF LATEST TRANSACTION | |
| control field | 20231004144713.0 |
| 008 - FIXED-LENGTH DATA ELEMENTS--GENERAL INFORMATION | |
| fixed length control field | 210716s2012 xx 000 0 und d |
| 020 ## - INTERNATIONAL STANDARD BOOK NUMBER | |
| International Standard Book Number | 9781259029202 |
| 040 ## - CATALOGING SOURCE | |
| Transcribing agency | AIMIT LIBRARY |
| 041 ## - LANGUAGE CODE | |
| Language code of text/sound track or separate title | eng |
| 082 ## - DEWEY DECIMAL CLASSIFICATION NUMBER | |
| Classification number | 374.22 |
| Edition number | 3 |
| Item number | BRIR |
| 100 ## - MAIN ENTRY--PERSONAL NAME | |
| Personal name | Brinkman, Rick. |
| 9 (RLIN) | 136013 |
| 245 ## - TITLE STATEMENT | |
| Title | Dealing with people you cant stand : |
| Remainder of title | how to bring out the best in people at their worst. |
| Statement of responsibility, etc. | By Rick Brinkman and Rick Krischner. |
| 250 ## - EDITION STATEMENT | |
| Edition statement | 3rd ed. |
| 260 ## - PUBLICATION, DISTRIBUTION, ETC. | |
| Place of publication, distribution, etc. | New Delhi : |
| Name of publisher, distributor, etc. | Tata McGraw Hill Publishing Company Ltd , |
| Date of publication, distribution, etc. | 2012. |
| 300 ## - PHYSICAL DESCRIPTION | |
| Extent | xvi,283p. ; |
| Other physical details | PB |
| Dimensions | 22.7 cm. |
| 650 ## - SUBJECT ADDED ENTRY--TOPICAL TERM | |
| Topical term or geographic name entry element | General Management |
| 9 (RLIN) | 136014 |
| 651 ## - SUBJECT ADDED ENTRY--GEOGRAPHIC NAME | |
| Geographic name | Getting to know the people you cant stand |
| 9 (RLIN) | 136015 |
| 651 ## - SUBJECT ADDED ENTRY--GEOGRAPHIC NAME | |
| Geographic name | Surviving through skillful communication |
| 9 (RLIN) | 136016 |
| 651 ## - SUBJECT ADDED ENTRY--GEOGRAPHIC NAME | |
| Geographic name | Bringing out the best in people at their worst |
| 9 (RLIN) | 136017 |
| 700 ## - ADDED ENTRY--PERSONAL NAME | |
| Personal name | Kirschner, Rick. |
| 9 (RLIN) | 136018 |
| 942 ## - ADDED ENTRY ELEMENTS (KOHA) | |
| Source of classification or shelving scheme | Dewey Decimal Classification |
| Koha item type | Book |
| Edition | 3rd |
| Call number prefix | 374.22 BRIR |
| Withdrawn status | Lost status | Source of classification or shelving scheme | Damaged status | Not for loan | Collection code | Home library | Current library | Date acquired | Cost, normal purchase price | Inventory number | Total Checkouts | Full call number | Barcode | Date last seen | Cost, replacement price | Price effective from | Koha item type |
|---|---|---|---|---|---|---|---|---|---|---|---|---|---|---|---|---|---|
| Dewey Decimal Classification | MBA | St Aloysius Institute of Management & Information Technology | St Aloysius Institute of Management & Information Technology | 09/26/2015 | 340.00 | Bill no:2442; Bill dt:2015-09-22 | 374.22 BRIR | MBA11935 | 05/23/2026 | 255.00 | 07/16/2021 | Book |